000 00889nam a2200253Ia 4500
003 OSt
005 20221005112517.0
006 a|||||r|||| 00| 0
007 ta
008 221004b |||||||| |||| 00| 0 eng d
020 _a9789351133223 (hbk)
_c500
024 _a14497
037 _b887, 08/09/2014, H.K. Prakashan
_cTextual
040 _aCRL
_cCRL
_beng
041 _2eng
_aeng
082 _aV2:594.N, 153Q4
100 _aਸਿੰਘ, ਜਨਰਲ ਜੇ ਜੇ
_9160836
245 0 _aਸਿਪਾਹੀਆਂ ਦਾ ਜਰਨੈਲ
260 _aਚੰਡੀਗੜ
_bਲੋਕਗੀਤ ਪ੍ਰਕਾਨ ਭਾਰਤ
_c2014
300 _a422ਪੰ
_ccm.
650 _aਭਾਰਤੀਯ ਇਤਿਹਾਸ
942 _hV2:594.N, 153Q4
_cTEXL
_2cc
999 _c1025102
_d1025102